000 00598nam a22002297a 4500
003 UA-OsUOA
001 44252
007 ta
008 20100802b un ||||| |||| 00| 0 ukr d
100 _aРозов В.
090 _a09.-94(477).03
_bР65
942 _cBK
040 _aUA-OsUOA
_bukr
_cUA-OsUOA
_dUA-OsUOA
245 _aУкраїнські грамоти
_bТ.І.
_cXIVв. і перша половина XVв.
300 _a176 с.
955 _a4
041 _aukr
080 _a09.-94(477).03
260 _aК.
_c1928
650 7 _a0 Загальний відділ.
_2UDC
999 _c424205
_d424205